Hemodynamic Monitoring Made Incredibly Visual!. (Record no. 16459)

MARC details
000 -LEADER
fixed length control field 01725cam a22003618a 4500
001 - CONTROL NUMBER
control field 16095764
005 - DATE AND TIME OF LATEST TRANSACTION
control field 20100224104617.0
008 - FIXED-LENGTH DATA ELEMENTS--GENERAL INFORMATION
fixed length control field 100216s2011 pau bf 001 0 eng
020 ## - INTERNATIONAL STANDARD BOOK NUMBER
International Standard Book Number 9781608313402
035 ## - SYSTEM CONTROL NUMBER
System control number (DNLM)101524343
040 ## - CATALOGING SOURCE
Original cataloging agency DNLM/DLC
Transcribing agency DLC
082 00 - DEWEY DECIMAL CLASSIFICATION NUMBER
Classification number 616.10754
Edition number 22
Item number HEM
245 00 - TITLE STATEMENT
Title Hemodynamic Monitoring Made Incredibly Visual!.
250 ## - EDITION STATEMENT
Edition statement 2nd ed.
260 ## - PUBLICATION, DISTRIBUTION, ETC. (IMPRINT)
Place of publication, distribution, etc Philadelphia :
Name of publisher, distributor, etc Lippincott Williams & Wilkins,
Date of publication, distribution, etc c2011.
263 ## - PROJECTED PUBLICATION DATE
Projected publication date 1003
300 ## - PHYSICAL DESCRIPTION
Extent vi, 154 p. :
Dimensions |b col. ill. ;
Other physical details 23 cm.
504 ## - BIBLIOGRAPHY, ETC. NOTE
Bibliography, etc Includes bibliographical references and index.
505 0# - FORMATTED CONTENTS NOTE
Formatted contents note Cardiopulmonary anatomy and physiology -- Understanding a pressure monitoring system -- Vascular access -- Central venous pressure monitoring -- Arterial pressure monitoring -- Pulmonary artery pressure monitoring -- Cardiac output monitoring -- Tissue oxygenation monitoring -- Minimally invasive hemodynamic monitoring -- Circulatory assist devices.
650 #0 - SUBJECT ADDED ENTRY--TOPICAL TERM
Topical term or geographic name as entry element Hemodynamic monitoring
Form subdivision Atlases.
9 (RLIN) 28888
650 #0 - SUBJECT ADDED ENTRY--TOPICAL TERM
Topical term or geographic name as entry element Cardiovascular system
General subdivision Diseases
-- Diagnosis
Form subdivision Atlases.
9 (RLIN) 28889
650 #0 - SUBJECT ADDED ENTRY--TOPICAL TERM
Topical term or geographic name as entry element Patient monitoring
Form subdivision Atlases.
9 (RLIN) 28890
650 #0 - SUBJECT ADDED ENTRY--TOPICAL TERM
Topical term or geographic name as entry element Nursing
Form subdivision Atlases.
9 (RLIN) 28891
650 12 - SUBJECT ADDED ENTRY--TOPICAL TERM
Topical term or geographic name as entry element Hemodynamics
Form subdivision Atlases.
9 (RLIN) 28892
650 12 - SUBJECT ADDED ENTRY--TOPICAL TERM
Topical term or geographic name as entry element Hemodynamics
Form subdivision Handbooks.
9 (RLIN) 28893
650 22 - SUBJECT ADDED ENTRY--TOPICAL TERM
Topical term or geographic name as entry element Monitoring, Physiologic
Form subdivision Atlases.
9 (RLIN) 28894
650 22 - SUBJECT ADDED ENTRY--TOPICAL TERM
Topical term or geographic name as entry element Monitoring, Physiologic
Form subdivision Handbooks.
9 (RLIN) 28895
653 ## - INDEX TERM--UNCONTROLLED
Resource For college
Arrived date list February2012
710 2# - ADDED ENTRY--CORPORATE NAME
Corporate name or jurisdiction name as entry element Lippincott Williams & Wilkins.
9 (RLIN) 28896
942 ## - ADDED ENTRY ELEMENTS (KOHA)
Source of classification or shelving scheme Dewey Decimal Classification
Item type
Holdings
Withdrawn status Item status Source of classification or shelving scheme Damaged status Not for loan Vendor Home library Current library Shelving location Date acquired Source of acquisition Cost, normal purchase price Serial Enumeration / chronology Total Checkouts Total Renewals Full call number Barcode Date last seen Date last borrowed Koha item type
    Dewey Decimal Classification     Alahram Central Library Central Library First floor 14/02/2012   213.00 680 5 4 616.10754 HEM 000026110 15/07/2025 03/02/2020 Book - Borrowing